LEADER 01228nam2-2200349---450- 001 990003342260203316 005 20091030151338.0 010 $a0-444-86277-3 035 $a000334226 035 $aUSA01000334226 035 $a(ALEPH)000334226USA01 035 $a000334226 100 $a20091030d1981----km-y0itay50------ba 101 $aeng 102 $aNL 105 $a||||||||001yy 200 1 $aSpectral theory of differential operators$eproceedings of the conference held at the University of Alabama in Birmingham, Alabama, U.S.A., march 26-28, 1981$fedited by Ian W. Knowles...[et al.] 210 $aAmsterdam [etc.]$cNorth-Holland publishing$dcopyr. 1981 215 $aXV, 384 p.$d24 cm 225 2 $aNorth-Holland mathematics studies$v55 410 1$1001000334222$12001$aNorth-Holland mathematics studies$v55 606 0 $aOperatori differenziali$xCongressi$yBirmingham$z1981 676 $a515.7242 702 1$aKNOWLES,$bIan M. 801 0$aIT$bsalbc$gISBD 912 $a990003342260203316 951 $a510 NMS (55)$b6441/CBS$c510$d00111519 959 $aBK 969 $aSCI 979 $aRSIAV7$b90$c20091030$lUSA01$h1513 996 $aSpectral theory of differential operators$9240403 997 $aUNISA LEADER 03157nam 2200661 450 001 9910823622403321 005 20230807204556.0 010 $a0-19-020440-0 010 $a0-19-020439-7 035 $a(CKB)2670000000578844 035 $a(EBL)1876221 035 $a(SSID)ssj0001413356 035 $a(PQKBManifestationID)12523165 035 $a(PQKBTitleCode)TC0001413356 035 $a(PQKBWorkID)11416017 035 $a(PQKB)10633327 035 $a(MiAaPQ)EBC1876221 035 $a(Au-PeEL)EBL1876221 035 $a(CaPaEBR)ebr10992256 035 $a(CaONFJC)MIL666101 035 $a(OCoLC)897466477 035 $a(EXLCZ)992670000000578844 100 $a20141208h20152015 uy| 0 101 0 $aeng 135 $aur|n|---||||| 181 $ctxt 182 $cc 183 $acr 200 10$aParticipatory action research /$fHal A. Lawson [and four others] 205 $aFirst edition. 210 1$aOxford :$cOxford University Press,$d[2015] 210 4$dİ2015 215 $a1 online resource (225 p.) 225 1 $aPocket guides to social work research methods 300 $aDescription based upon print version of record. 311 $a0-19-020438-9 311 $a1-322-34819-7 320 $aIncludes bibliographical references and index. 327 $aCover; Series; Participatory Action Research; Copyright; Contents; Acknowledgments; Introduction; 1 Introducing Participatory Action Research; 2 Child Welfare Participatory Action Research Design Teams for Workforce Reconfiguration, Organizational Innovation, and Policy Change; 3 Participatory Action Research with Youth; 4 A Complex, Community-Based Participatory Action Research Design to Address Obesity in Young Children and Their Families; 5 The Critical-Emancipatory Tradition of Participatory Action Research in Postdisaster Recovery Settings in the Global South 327 $a6 Summary Reflections and Lessons LearnedKey Websites for ParticipatoryAction Research; References; Index 330 $aAs novel, complex social problems increase, especially those involving vulnerable people who reside in challenging places, the limitations of conventional research methods implemented by just one or two investigators become apparent. Research and development alternatives are needed, particularly methods that engage teams of researchers in real world problem solving while simultaneously generating practice- and policy-relevant knowledge. Research methods that effectively tap the expertise of everyday people, especially those impacted by these targeted social problems, are a special priority bec 410 0$aPocket guides to social work research methods. 606 $aAction research 615 0$aAction research. 676 $a300.72 676 $a361.3072 700 $aLawson$b Hal A.$0870932 702 $aCaringi$b James C. 702 $aPyles$b Loretta 702 $aJurkowski$b Janine M. 702 $aBozlak$b Christine T. 801 0$bMiAaPQ 801 1$bMiAaPQ 801 2$bMiAaPQ 906 $aBOOK 912 $a9910823622403321 996 $aParticipatory action research$94059832 997 $aUNINA LEADER 04312nam 22006015 450 001 9910999778803321 005 20250416002259.0 010 $a9783031524936 010 $a3031524934 024 7 $a10.1007/978-3-031-52493-6 035 $a(CKB)38485086700041 035 $a(DE-He213)978-3-031-52493-6 035 $a(MiAaPQ)EBC32011969 035 $a(Au-PeEL)EBL32011969 035 $a(OCoLC)1524421017 035 $a(EXLCZ)9938485086700041 100 $a20250416d2025 u| 0 101 0 $aeng 135 $aur||||||||||| 181 $ctxt$2rdacontent 182 $cc$2rdamedia 183 $acr$2rdacarrier 200 14$aThe Elements and Dynamic Systems of Economic Growth and Trade Models $eEconomic Theory and Axiomatic Analysis of Expanding Economies in Historical Perspective /$fby Bjarne S. Jensen 205 $a2nd ed. 2025. 210 1$aCham :$cSpringer Nature Switzerland :$cImprint: Palgrave Macmillan,$d2025. 215 $a1 online resource (LXV, 1307 p. 220 illus., 97 illus. in color.) 225 1 $aEconomics and Finance Series 311 08$a9783031524929 311 08$a3031524926 327 $a1. Basic laws of production -- 2. Classical growth models and homogeneity -- 3. Classical growth models and minimal factor rewards -- 4. Aggregate endogenous growth models -- 5. Neoclassical growth models -- 6. Keynesian growth models -- 7. Leontief technology and efficient factor utilization -- 8. Flexible technologies and proportional saving -- 9. Flexible technologies and classical saving -- 10. Homogeneous Dynamics in the Plane -- 11. Linear and A_ne Dynamics in the Plane -- 12. Quasi-Homogeneous Dynamics in the Plane -- 13. Discrete Linear Dynamics in the Plane -- 14. Two-sector growth models -- 15. Multi-sector growth models -- 16. Non-homothetic multisector growth models -- 17. Dynamics, economic growth, international trade -- 18. Stochastic dynamic systems of growth and trade -- 19. Saving rates, trade, technology, and stochastic dynamics -- 20. Dynamic structure, exogeneity, growth paths, and substitution -- 21. Ramsey optimal saving and growth models. 330 $aThis updated and expanded book examines the fundamentals of economic growth models as expressed by dynamic systems of nonlinear differential equations. With homogeneous dynamic systems as the unifying mathematical framework, the time paths and long-run stability properties of the solutions to classical, neoclassical, and modern macroeconomic growth models are analyzed. The general structure and solutions of two-sector and multi-sector growth models are also explored, with special attention given to the evolution of output compositions and sectoral factor allocations involved in Walrasian general equilibrium dynamics. Ramsey optimal growth (saving) models with variable intertemporal substitution (non-homothetic utility) are discussed to demonstrate the ability to generate a realistic historically observed evolution of economic per capita growth rates and saving rates. The book aims to highlight how basic economic growth models can be extended widely, including international trading economies, world market prices, commodity trade patterns, and issues related to globalization, migrations, and international factor movements. It will be relevant to students and researchers interested in economic growth and trade policy. Bjarne S. Jensen is Professor of Applied Economics at the Faculty of Business and Social Sciences, University of Southern Denmark (SDU). 410 0$aEconomics and Finance Series 606 $aEconomic development 606 $aEconomic policy 606 $aIndustrial organization 606 $aEconomic Growth 606 $aEconomic Policy 606 $aIndustrial Organization 615 0$aEconomic development. 615 0$aEconomic policy. 615 0$aIndustrial organization. 615 14$aEconomic Growth. 615 24$aEconomic Policy. 615 24$aIndustrial Organization. 676 $a338.9 700 $aJensen$b Bjarne S$4aut$4http://id.loc.gov/vocabulary/relators/aut$0631548 801 0$bMiAaPQ 801 1$bMiAaPQ 801 2$bMiAaPQ 906 $aBOOK 912 $a9910999778803321 996 $aThe Elements and Dynamic Systems of Economic Growth and Trade Models$94374961 997 $aUNINA